Driving fear out of the workplace (Record no. 40505)

MARC details
000 -LEADER
fixed length control field 01129nam a2200277 a 4500
008 - FIXED-LENGTH DATA ELEMENTS--GENERAL INFORMATION
fixed length control field 120416s1991 ||||||||||||||||| || u
020 ## - INTERNATIONAL STANDARD BOOK NUMBER
International Standard Book Number 1555423175
050 ## - LIBRARY OF CONGRESS CALL NUMBER
Classification number HD 58.9 Rya
100 ## - MAIN ENTRY--PERSONAL NAME
Personal name Oestreich, Daniel K., 1950-
245 10 - TITLE STATEMENT
Title Driving fear out of the workplace
246 ## - VARYING FORM OF TITLE
Title proper/short title how to overcome the invisible barriers to quality, productivity and innovation
250 ## - EDITION STATEMENT
Edition statement 1st ed.
260 ## - PUBLICATION, DISTRIBUTION, ETC.
Place of publication, distribution, etc. San Francisco
Name of publisher, distributor, etc. Jossey-Bass Publishers
Date of publication, distribution, etc. 1991
300 ## - PHYSICAL DESCRIPTION
Extent xxi, 253p. : ill
350 ## - PRICE (NR) (BK AM CF MU VM SE) [OBSOLETE]
Price 0.00
490 ## - SERIES STATEMENT
Series statement The Jossey-Bass management series
500 ## - GENERAL NOTE
General note 'A Bard Productions book'--T.p. verso. -Includes bibliographical references (p. 245-246) and index.
650 ## - SUBJECT ADDED ENTRY--TOPICAL TERM
Topical term or geographic name entry element WORK ENVIRONMENT
650 ## - SUBJECT ADDED ENTRY--TOPICAL TERM
Topical term or geographic name entry element ORGANIZATIONAL EFFECTIVENESS
650 #0 - SUBJECT ADDED ENTRY--TOPICAL TERM
Topical term or geographic name entry element MANAGEMENT
650 ## - SUBJECT ADDED ENTRY--TOPICAL TERM
Topical term or geographic name entry element FEAR
700 ## - ADDED ENTRY--PERSONAL NAME
Personal name Ryan, Kathleen, 1947-
856 ## - ELECTRONIC LOCATION AND ACCESS
Uniform Resource Identifier <a href="http://www.loc.gov/catdir/enhancements/fy0607/90047648-d.html">http://www.loc.gov/catdir/enhancements/fy0607/90047648-d.html</a>
856 ## - ELECTRONIC LOCATION AND ACCESS
Uniform Resource Identifier <a href="http://www.loc.gov/catdir/toc/wiley023/90047648.html">http://www.loc.gov/catdir/toc/wiley023/90047648.html</a>
995 ## - RECOMMENDATION 995 [LOCAL, UNIMARC FRANCE]
-- 0.00
-- CBU-MAIN LIBRARY (Kitwe)
-- 1
-- 27.95
-- 1
-- AVAILABLE
-- Annex Low-Usage Collection
Holdings
Withdrawn status Lost status Source of classification or shelving scheme Damaged status Not for loan Home library Current library Shelving location Date acquired Total Checkouts Full call number Barcode Date last seen Price effective from Koha item type
          CBU-MAIN LIBRARY, KITWE. CBU-MAIN LIBRARY, KITWE.   11/30/2022   HD 58.9 Rya 018714 11/30/2022 11/30/2022 MONOGRAPH